Lady Gaga - Chansons commençant par P - Statistiques

Statistiques générales
  • Ce quiz a été pris 22 fois
  • Le résultat moyen est 2 sur 6
Statistiques - réponses
P % Correct
Paparazzi
82%
Poker Face
76%
Perfect Illusion
29%
Plastic Doll
24%
Paper Gangsta
18%
Perfect Celebrity
18%
Aucun quiz correspondant
Distribution des résultats
% des personnes avec chaque résultat
Percentile par nombre de réponses
Votre historique - résultats
Vous n’avez pas pris ce quiz